书目信息 |
| 题名: |
古书疑义举例五种
|
|
| 作者: | 俞樾 著 | |
| 分册: | ||
| 出版信息: | 北京 中华书局 2013.06 |
|
| 页数: | 300页 | |
| 开本: | 21cm | |
| 丛书名: | ||
| 单 册: | ||
| 中图分类: | H131 | |
| 科图分类: | ||
| 主题词: | 训诂 | |
| 电子资源: | ||
| ISBN: | 7-101-04577-4 | |
| 000 | 00832nam0 2200265 450 | |
| 001 | 0100140566 | |
| 005 | 20141020221331.0 | |
| 010 | @a7-101-04577-4@dCNY30.00 | |
| 100 | @a20140915d2013 em y0chiy50 ea | |
| 101 | 0 | @achi |
| 101 | 11 | @achi |
| 102 | @aCN@b110000 | |
| 105 | @ay z 000yy | |
| 106 | @ar | |
| 200 | 1 | @a古书疑义举例五种@Agu shu yi yi ju li wu zhong@9gu shu yi yi ju li wu zhong@b专著@f俞樾等著@Fyu yue den zhu |
| 210 | @a北京@c中华书局@d2013.06 | |
| 215 | @a300页@d21cm | |
| 327 | 1 | @a古书疑义举例/[清]俞樾[著]@a古书疑义举例补/刘师培[著]@a古书疑义举例续补/杨树达[著]@a古书疑义举例校录/马叙伦[著]@a古书疑义举例增补/姚维锐[著] |
| 540 | @a古书疑义举例五种 | |
| 606 | 0 | @a训诂 |
| 690 | @aH131@v5 | |
| 701 | 0 | @a俞樾@Ayu yue@4著 |
| 801 | @aCN | |
| 901 | @a001 | |
| 905 | @b1103476-8@dH131@eY810@f3@a241430 | |
| 古书疑义举例五种/俞樾等著.-北京:中华书局,2013.06 |
| 300页;21cm |
| 部分内容:古书疑义举例/[清]俞樾[著];古书疑义举例补/刘师培[著];古书疑义举例续补/杨树达[著];古书疑义举例校录/马叙伦[著];古书疑义举例增补/姚维锐[著] |
| ISBN 7-101-04577-4:CNY30.00 |
| ● |
| 相关链接 |
|
|
|
正题名:古书疑义举例五种
索取号:H131/Y810
 
预约/预借
| 序号 | 登录号 | 条形码 | 馆藏地/架位号 | 状态 | 备注 |
| 1 | 1103476 | 211034762 | 语言库209/209语言库 71排3列1层/ [索取号:H131/Y810] | 在馆 | |
| 2 | 1103477 | 211034771 | 语言库209/209语言库 71排3列1层/ [索取号:H131/Y810] | 在馆 | |
| 3 | 1103477 | 211034780 | 语言库209/209语言库 71排3列1层/ [索取号:H131/Y810] | 在馆 |